Blue/Green Glass Bottles from Roman Britain

محفوظ في:

المؤلف الرئيسي: H.E.M. Cool

التنسيق: كتاب

اللغة: Undetermined

الوصول للمادة أونلاين: Login to view Source

الوسوم: إضافة وسم

لا توجد وسوم, كن أول من يضع وسما على هذه التسجيلة!

رقم الطلب:

LEADER 00435nmm a2200133Ia 4500
008 240716s9999||||xx |||||||||||||||||und||
020 |a 9781803277431 
020 |a 9781803277448 
100 |a H.E.M. Cool 
245 1 0 |a Blue/Green Glass Bottles from Roman Britain  |c H.E.M. Cool 
264 |b Archaeopress Archaeology  |c 4-أبريل-24 
856 4 0 |u http://library.arce.org:8087/Archaeopress/Products/9781803277431 
942 |2 lcc  |c EBOOK 
999 |c 58943  |d 58943